MDQL
is popping MORE tags! Check the
thread
!
Quizzes
Events
Quiz Creation
Community
Videos
Private Events
Remove Ads
Sign In
Join for FREE
Feedback
Dark Mode
Quiz Categories
Sports
Geography
Music
Movies
Television
Just For Fun
Miscellaneous
History
Literature
Language
Science
Gaming
Entertainment
Religion
Holiday
For Kids
Quiz Lab
Recent
Popular Today
Quiz Kudos Today
Editor Picks
Curator Picks
Quizzes by...
Day
Popularity
Type
Ratings
Length
Year
Community
Subscriptions
Recent Discussions
Orange Saloon
Badges
Playlists
Quests
Create
Leaderboards
Showdown
Live 5
Trivia Bingo
Activity
Puzzle Library
Sporcle Events
Private Events
Virtual Trivia
Globe League
Become a Host
Pub Owners
SporcleCon
Opinionation
Our Games
Videos
Blog
Mobile Apps
Partnerships
Remove Ads and Go Orange
Feedback
Sports
Athletes
MLB
NBA
NHL
NFL
Soccer
Sports Teams
WWE
NCAA
Football
Premier League
Basketball
Baseball
Hockey
Golf
Tennis
Cricket
Rugby
Auto Racing
Olympics
World Cup
Sports
Athletes
MLB
NBA
NHL
NFL
Soccer
Sports Teams
WWE
NCAA
Football
Premier League
Basketball
Baseball
Hockey
Golf
Tennis
Cricket
Rugby
Auto Racing
Olympics
World Cup
Random Quiz
Search Sporcle
×
Quiz Lab
Quiz Lab
Sports
Hockey
Type in answers that appear in a list
Type in answers that appear in a list
Classic
Best Score? Go Orange.
2011 Stanley Cup Finals Stats
Can you name the 2011 Stanley Cup Finals Facts?
By
glancb
8m
42 Questions
431 Plays
431 Plays
431 Plays
Comments
Comments
Give Quiz Kudos
Give Quiz Kudos
-
- Ratings
hide this ad
Replay
Link that replays current quiz
Next Quiz
Link to next quiz in quiz playlist
You Got
0%
They Got
Avg Score
69%
Avg Friend Score
Upgrade to see
Score Distribution
Jump to the score distribution portion of the page
Score
0/42
Timer
08:00
0
Plays Today
% Correct
Henrik Sedin
96.1%
Daniel Sedin
96.1%
Daniel Sedin
96.1%
Daniel Sedin
96.1%
Henrik Sedin
96.1%
Henrik Sedin
96.1%
Zdeno Chara
92.6%
Zdeno Chara
92.6%
Tim Thomas
89.8%
Canucks
89.1%
Roberto Luongo
88.4%
Bruins
88.2%
None
85.6%
None
85.6%
Ryan Kesler
79.8%
Patrice Bergeron
78.9%
Northwest
77.5%
Northeast
75.9%
1994
73.3%
Claude Julien
69.8%
TD Garden
69.6%
% Correct
1972
69.6%
Tyler Seguin
68.4%
Milan Lucic
67.7%
David Krejci
65%
David Krejci
65%
1990
63.3%
Kevin Bieksa
61.5%
Kevin Bieksa
61.5%
Mark Recchi
58.7%
Alain Vigneault
58.5%
Rogers Arena
57.3%
Providence Bruins
54.5%
Shawn Thornton
49.2%
Phil Esposito
46.6%
Peter Chiarelli
40.6%
Mike Gillis
40.4%
Jeremy Jacobs
36.9%
Raffi Torres
36%
Manitoba Moose
35.7%
Manny Malhotra
35.3%
Francesco Aquilini
28.1%
Quiz Playlist
Details
Report
Send in Message
Add To Playlist
Classic:
Type in answers that appear in a list
Last Updated: Feb 16, 2017
Quiz Scoreboard
CHALLENGE
Sign Up to Join the Scoreboard
Show All
Scores
Hide
Comments
May contain spoilers
Recently Published
Colored Red Africa Blitz
by spor1
Geography
30s
Find the 'City' Movie
by crazypaving
Movies
60s
5x2 Blitz: Bands
by SL_Kpop136
Music
30s
More to Explore
Quiz From the Vault
Featured Blog Post
14 Easter Pick-up Lines to Find Eggs With
hide this ad
You Might Also Like...
Tags
Hockey Quiz
NHL Quiz
2010-2011
2011
Boston Bruins
Stanley Cup
Vancouver Canucks
Today's Top Quizzes in Sports
Browse Sports
hide this ad
Today's Top Quizzes in Hockey
Browse Hockey
Top Contributed Quizzes in Sports
1
Players with Multiple 50 Home Run Seasons
2
Who Needs Fielders?
3
Criteria MLB: Left Handed Sluggers
4
MLB Players with Two .350 Batting Average Seasons
5
Who Hit More Homers?
6
2020 F1 Drivers Logic Puzzle
7
NBA Teammate Connections
8
Premier League Clubs since 2000 (minefield)
9
MLB Teams by First Game
10
Top 10 NHL Goal Scorers of All Time
Explore More
Trending Topics
Disney
Anime
Harry Potter
Kpop
NBA
Crossword
Marvel
WWE
Puzzle
Soccer
NFL
The Office
Country
Song
Pokémon
hide this ad
More By:
glancb
Quiz
Plays
Rating
Category
Featured
Created
2011 Stanley Cup Finals
431
5.00
Sports
May 28, 2011
2009 NFL Draft 1st Round
361
2.75
Sports
Dec 15, 2009
Top Fantasy Football Scorers of 2009
218
4.33
Sports
Jan 29, 2010
2012 Stanley Cup Finals
133
5.00
Sports
May 26, 2012
2010 NFL Team Leaders
60
5.00
Sports
Jan 31, 2011
Go to Creator's Profile
Score Distribution
Quiz Creator Spotlight
glancb
Follow
Send a Message
Quizzes Created
-
Created Quiz Play Count
-
More By This Creator
Popular Quizzes Today
1
5x2 Blitz: Bands
2
Find the 'City' Movie
3
Find the US States - No Outlines Minefield
4
Colored Red Africa Blitz
5
The Countries of the World
6
Find the US States
7
9x9 Crossword: Cartoon Network
8
Risky Map Clicking: Biggest States A-Z
More Sports Quizzes
Juventus XIs: since 1996/97 season
Curator's Pick
Trending Quizzes
Colored Red Africa Blitz II
Colored Red Europe Blitz I
Find the 'Dark' Movie
Find the 'Day' Movie
Find the 'Good' Movie
Recently Updated
Champions League XIs: Real Madrid
pecheneg
Largest US Cities 1790-2010
pecheneg
Rides in Walt Disney World
pecheneg
Most Oscar Losses (Acting)
pecheneg
Beyoncé Albums
pecheneg
Leaping Animals
pecheneg
Reality TV Shows (A-Z)
bhenderson79
Rickey Henderson's Hall of Fame Teammates
pecheneg
Champions League XIs: Arsenal
pecheneg
Quick Pick: Celebrities in WWE's Hall of Fame
aduchscher
Trending Topics
Kpop
Anime
Harry Potter
Disney
Crossword
Marvel
NBA
NFL
The Office
Country
Song
Pokémon
Soccer
WWE
Puzzle
Your Account Isn't Verified!
In order to create a playlist on Sporcle, you need to verify the email address you used during registration. Go to your
Sporcle Settings
to finish the process.
Report this User
Report this user for behavior that violates our
Community Guidelines
.
Details:
Send Report
Go to the Sporcle.com Mobile Site →
Comments